000
00503nam a2200181Ia 4500
008
090124s9999 xx 000 0 und d
082
_b
45456
100
_a
पाटील विजया
245
_a
सेकंद सेकंद
250
_a
1
260
_c
2006
300
_a
154
600
_a
पाटील विजया
630
_a
सेकंद सेकंद
700
_a
पाटील विजया
730
_a
सेकंद सेकंद
942
_c
BOOK
999
_c
111808
_d
111808